[Event "Talinka Cup"]
[Site "Talinka"]
[Date "2007.02.09"]
[Round "7"]
[White "Pakhomov, Alexey"]
[Black "Krjuchkova, Elena"]
[Result "1-0"]
[WhiteElo "2437"]
[BlackElo "2164"]
[PlyCount "57"]
[EventDate "2007.02.03"]
[EventType "tourn"]
[EventRounds "9"]
[EventCountry "RUS"]
[EventCategory "2"]
[SourceTitle "EXT 2008"]
[Source "ChessBase"]
[SourceDate "2007.11.25"]
[SourceVersion "1"]
[SourceVersionDate "2007.11.25"]
[SourceQuality "1"]

1. e4 g6 2. d4 d6 3. Nc3 Nf6 4. Bg5 Bg7 5. f4 c6 6. Qd2 Qa5 7. Bd3 Qb4 8. e5 dxe5 9. dxe5 Nd5 10. Nxd5 Qxd2+ 11. Kxd2 cxd5 12. Nf3 Nc6 13. c3 Bd7 14. Nd4 Rc8 15. Rad1 h6 16. Bh4 g5 17. Nxc6 bxc6 18. fxg5 Bxe5 19. g6 f6 20. Rde1 0-0 21. Bg3 Bxg3 22. hxg3 e5 23. Rxh6 e4 24. Reh1 Bf5 25. Be2 Kg7 26. Rh7+ Kxg6 27. Ke3 Rf7 28. R1h6+ Kg5 29. Rh5+ 1-0